Radí vydržať komunisti mu zakázaki kázať a poslali ho k lopate. košický arcibiskup Aloj Tkáč však Jánovi Sokolovi verí, že so Štátnou bezpečnosťou nekolaboroval

Bibliographic Details
Main Author: Šindlerová, Naďa (Author)
Format: Article
Language:Slovak
PhysicalDescription:Obr.
ISSN:1210-2040
Subjects:

MARC

LEADER 00000nab a2200000 a 4500
001 vtls009487664
003 SK-MaSNL
005 20260305015151.0
008 171108 2009 xo r r 000 0 slo
015 |a SNBRB2009/03  |2 kevkjb 
038 |a KEVKJB 
040 |a KEVKJB  |b slo  |c KEVKJB  |e AACR2 
041 0 |a slo 
044 |a xo  |c SK 
080 |a 282-051  |2 2001 
080 |a 929 Tkáč, Alojz  |2 2001 
100 1 |a Šindlerová, Naďa  |4 aut  |9 845736 
245 1 0 |a Radí vydržať  |b komunisti mu zakázaki kázať a poslali ho k lopate. košický arcibiskup Aloj Tkáč však Jánovi Sokolovi verí, že so Štátnou bezpečnosťou nekolaboroval  |c Naďa Šindlerová 
300 |b Obr. 
600 1 7 |a Tkáč, Alojz,  |d 1934-2023  |2 kevkjb  |9 228314 
610 2 7 |a Rímskokatolícka cirkev  |2 kevkjb  |9 32394 
650 0 7 |a arcibiskupi  |2 SNKPH  |9 686 
651 7 |a Košice (Slovensko)  |2 SNKPHgeo  |9 18694 
773 0 |t Plus 7 dní  |g Roč. XIX, č. 13 (2009), s. 32-34  |x 1210-2040 
852 |a KEVKJB  |b KIS3GCP 
958 |a BX 
958 |a NT 
999 |c 3273421  |d 3275351